The Oxford 5000 - Letter N - Translate from Polish to English - Statystyki

Ogólne statystyki
  • Ten quiz został rozwiązany 13 razy
  • Średni wynik to 16 z 40
Statystyki odpowiedzi
Polish Angielski % Poprawnych
nawigacja navigation
100%
nagi naked
83%
neutralny neutral
83%
biuletyn (informacyjny), newsletter newsletter
83%
południe (pora dnia) noon
83%
norma norm
83%
notatnik, zeszyt, laptop notebook
83%
netto (np. waga, zysk), siatka net
67%
nominacja nomination
67%
negocjować negotiate
50%
negocjacje negotiation
50%
gniazdo nest
50%
nikiel, pięciocentówka (w USA) nickel
50%
nominować nominate
50%
powieściopisarz / powieściopisarka novelist
50%
w dzisiejszych czasach, obecnie nowadays
50%
odżywianie, żywienie, dietetyka(w kontekście nauk) nutrition
50%
morski, dotyczący marynarki wojennej naval
33%
pobliski / w pobliżu nearby
33%
konieczność necessity
33%
zaniedbywać / zaniedbanie neglect
33%
nowo, niedawno newly
33%
skinąć głową, przytaknąć nod
33%
nonsens, bzdura nonsense
33%
sąsiedni neighboring
17%
nisza niche
17%
szlachetny, arystokratyczny noble
17%
nominowana osoba nominee
17%
niemniej jednak nonetheless
17%
niedochodowy non-profit
17%
wybitny, godny uwagi, zauważalny notable
17%
powiadomić, zawiadomić notify
17%
cieszący się złą sławą, notoryczny notorious
17%
żłobek, pokój dziecięcy, miejsce hodowli roślin nursery
17%
pielęgniarski, karmiący(piersią) nursing
17%
mianowicie namely
0%
okropny, złośliwy, paskudny nasty
0%
ogólnokrajowy nationwide
0%
w szczególności, zwłaszcza notably
0%
nowatorski, nowy, odkrywczy novel
0%
Nie znaleziono quizów pasujących do podanych kryteriów
Rozkład punktacji
Procent ludzi z każdym wynikiem
Percentyl według liczby udzielonych odpowiedzi
Twoja historia wyników
Nie rozwiązałeś tego quizu